=LDR 00000nam 2200000 4500 =001 INLIS000000000035966 =005 20130612141800 =008 ***********************************Ind** =035 ##$$0010-061300000035966 =041 ##$$a Ind =082 ##$$a 641.86 =090 ##$$a 641.86, Yul m =100 ##$$a Yuliyawati,Ny Lia =245 ##$$a Membuat sendiri 100 macam OLahan pisang,jagung,dan kelapa, Ny Lia Yuliawati =260 ##$$a 2004 $b Bandung =300 ##$$a 120 Hlm, 20 cm =850 ##$$a NBPNMAT